Interaction in english main course book (Record no. 4420)
[ view plain ]
| 000 -LEADER | |
|---|---|
| fixed length control field | 00242nam a22000857a 4500 |
| 008 - FIXED-LENGTH DATA ELEMENTS--GENERAL INFORMATION | |
| fixed length control field | 161201b xxu||||| |||| 00| 0 eng d |
| 100 ## - MAIN ENTRY--PERSONAL NAME | |
| 9 (RLIN) | 1707 |
| Personal name | Kumar. K |
| 245 ## - TITLE STATEMENT | |
| Title | Interaction in english main course book |
| 260 ## - PUBLICATION, DISTRIBUTION, ETC. (IMPRINT) | |
| Place of publication, distribution, etc. | New delhi |
| Name of publisher, distributor, etc. | Frank brothers |
| Date of publication, distribution, etc. | 2006 |
| Withdrawn status | Lost status | Source of classification or shelving scheme | Damaged status | Koha normalized classification for sorting | Not for loan | Home library | Current library | Shelving location | Date acquired | Total Checkouts | Full call number | Barcode | Date last seen | Date last checked out | Price effective from | Koha item type |
|---|---|---|---|---|---|---|---|---|---|---|---|---|---|---|---|---|
| Dewey Decimal Classification | 425_000000000000000 | Good Samaritan School Library | Good Samaritan School Library | English | 12/01/2016 | 1 | 425 | KUM4452 | 01/30/2025 | 08/17/2024 | 12/01/2016 | BOOK |